00655nam a22002297a 4500003000500000005001700005008004100022010001000063011001000073035001000083040000900093082002000102111008700122245003900209260002300248300001100271490003600282650001700318650002600335700002800361830003600389CHAP20220329140039.0971013s1953 r 10010 d a46182 a47154 a51296 cCHAP a636.08bR4 195200aReunión Interamericana de Producción Pecuaria (n2d: 1952c: Baurú, Brasil) aInforme de la segunda reunión... aRoma :bFAO,c1953 a147 p. aFAO. Cuadernos de fomentov; 3314aGanadería.14aIndustrias pecuarias.0 aPhillips, Ralph W.eed.0 aFAO. Cuadernos de fomentov; 33